Państwa Europy na podstawie sąsiadów - Statystyki

Ogólne statystyki
  • Ten quiz został rozwiązany 334 razy
  • Średni wynik to 13 z 15
Statystyki odpowiedzi
Sąsiedzi Państwo % Poprawnych
Niemcy, Czechy, Słowacja, Rosja, Ukraina, Litwa, Białoruś Polska
93%
Hiszpania i Francja Andora
92%
Hiszpania Portugalia
90%
Polska, Czechy, Dania, Belgia, Niderlandy, Francja, Szwajcaria, Austria, Luksemburg Niemcy
88%
Rosja, Białoruś, Polska, Rumunia, Słowacja, Mołdawia, Węgry Ukraina
88%
Francja, Niemcy, Niderlandy,Luksemburg Belgia
87%
Francja, San Marino, Watykan, Słowenia, Austria, Szwajcaria Włochy
87%
Białoruś, Rosja, Estonia, Litwa Łotwa
86%
Szwecja, Finlandia, Rosja Norwegia
85%
Niemcy, Kanada Dania
81%
Albania, Turcja, Macedonia Północna, Bułgaria Grecja
80%
Szwajcaria, Austria Liechtenstein
80%
Mołdawia, Ukraina, Bułgaria, Serbia, Węgry Rumunia
80%
Hiszpania, Cypr, Irlandia Wielka Brytania
77%
Francja Monako
76%
Nie znaleziono quizów pasujących do podanych kryteriów
Rozkład punktacji
Procent ludzi z każdym wynikiem
Percentyl według liczby udzielonych odpowiedzi
Twoja historia wyników
Nie rozwiązałeś tego quizu